WORD CLINIC : PULMONARY AND CRITTICAL CARE MEDICINE CHRONIC OBJECTIVE PULMONARY DESEASE (Record no. 216791)

MARC details
000 -LEADER
fixed length control field 00591nam a22001817a 4500
008 - FIXED-LENGTH DATA ELEMENTS--GENERAL INFORMATION
fixed length control field 260305b |||||||| |||| 00| 0 eng d
020 ## - INTERNATIONAL STANDARD BOOK NUMBER
International Standard Book Number 978-93-5090-355-7
050 ## - LIBRARY OF CONGRESS CALL NUMBER
Classification number RC 731 .W67 2013
Item number 1
100 ## - MAIN ENTRY--PERSONAL NAME
Personal name JINDAL ,SURINDER K
245 ## - TITLE STATEMENT
Title WORD CLINIC : PULMONARY AND CRITTICAL CARE MEDICINE CHRONIC OBJECTIVE PULMONARY DESEASE
260 ## - PUBLICATION, DISTRIBUTION, ETC.
Place of publication, distribution, etc. NEW DELHI
Name of publisher, distributor, etc. JAYPEE BROTHERS MEDICAL PUBLISHERS
Date of publication, distribution, etc. 2013
300 ## - PHYSICAL DESCRIPTION
Extent X , 212P, :ILL
500 ## - GENERAL NOTE
General note INCLUIDES, INDEX
650 ## - SUBJECT ADDED ENTRY
Topical term or geographic name entry element CHRONIC OBSTRUCTIVE PULMONARY DESEASE
700 ## - ADDED ENTRY--PERSONAL NAME
Personal name VIJAYAN , VANNAN
942 ## - ADDED ENTRY ELEMENTS (KOHA)
Source of classification or shelving scheme Library of Congress Classification
Koha item type Long Loan Book
Holdings
Withdrawn status Lost status Source of classification or shelving scheme Damaged status Not for loan Collection Home library Current library Shelving location Date acquired Inventory number Total checkouts Full call number Barcode Date last seen Copy number Price effective from Koha item type
    Library of Congress Classification     Medicine Kisii University Library Kisii University Library On Display 03/05/2026 112110   RC 731 .W67 2013 V. 2 a000183 03/05/2026 C.1 03/05/2026 Long Loan Book
    Library of Congress Classification     Medicine Kisii University Library Kisii University Library On Display 03/05/2026 112111   RC 731 .W67 2013 V. 2 a000182 03/05/2026 C.2 03/05/2026 Long Loan Book
    Library of Congress Classification     Medicine Kisii University Library Kisii University Library On Display 03/05/2026 112113   RC 731 .W67 2013 V.2 a000184 03/05/2026 C.3 03/05/2026 Long Loan Book